000 00490nam a2200121 a 4500
001 000007967
005 20200929154354.0
008 090914s2000 dr acd 000 0 spa d
040 _aDO-SdBNP
_bspa
_cBNPHU
245 0 3 _aLa situación de la mujer privada de libertad en las cárceles dominicanas :
_bproyecto fortaleciendo la justicia para afianzar la democracia.
260 _aSanto Domingo :
_bCentro de Servicios Legales para la Mujer,
_c2000.
300 _a64 p. :
_bil., gráf., retrs. ;
_c22 cm.
999 _c7745
_d7745